000 00582nam a2200169Ia 4500
003 GCL
008 140319s9999 xx 000 0 ara d
040 _aGCL /
_cGCL
082 0 4 _a953
_bع م
100 1 _aعبدالمنعم ماجد
245 1 0 _aمقدمة لدراسة التاريخ الاسلامى تعريف بمصادر التاريخ الاسلامى ومناهجة الحديث /
_cعبدالمنعم ماجد
300 _a103 ص
490 _aكتاب
_v0
650 0 4 _aالتاريخ الاسلامى
650 0 4 _aالاثار الاسلامية
942 _2ddc
_cBK
999 _c42104
_d42104